|
|
|
|
| LEADER |
00715nab a2200181 i 4500 |
| 001 |
misc26550 |
| 005 |
20191111110312.0 |
| 008 |
170913s1979 hu o 0|| zxx d |
| 040 |
|
|
|a SZTE Miscellanea Repozitórium
|b hun
|
| 041 |
|
|
|a zxx
|
| 100 |
1 |
|
|a Ormos Jenő
|
| 245 |
1 |
0 |
|a Regeneration of proximal tubules of the rat kidney following sublimate necrosis
|h [elektronikus dokumentum] :
|b a scanning electron microscopic study /
|c Ormos Jenő
|
| 260 |
|
|
|c 1979
|
| 300 |
|
|
|a 221-233
|
| 490 |
0 |
|
|a Kolligátum
|
| 695 |
|
|
|a Vesebetegségek, Elektronmikroszkópia - pásztázó (scanning), Kísérleti állatok
|
| 700 |
0 |
1 |
|a Bohus Klára
|e aut
|
| 856 |
4 |
0 |
|u http://misc.bibl.u-szeged.hu/26550/1/019_008_221-233.pdf
|z Dokumentum-elérés
|